MESTSKÁ KNIŽNICA GIRALTOVCE  - online katalóg 

Encyklopédia Slovenska VI. zväzok T-Ž (Record no. 19272)

000 -NÁVESTIE
fixed length control field 00777nam a2200217 a 4500
008 - ÚDAJE S PEVNOU DĹŽKOU – VŠEOBECNÉ INFORMÁCIE
fixed length control field 951123s1982||||[C 0 slo c
020 ## - MEDZINÁRODNÉ ŠTANDARDNÉ ČÍSLO KNIHY (ISBN)
Údaje o dostupnosti 150 Kčs.
Qualifying information (60000 výtl.)
040 ## - ZDROJ KATALOGIZÁCIE
Pôvodná katalogizujúca agentúra SNK
Jazyk katalogizácie slo
Prepisujúca agentúra SNK
Konvencie popisu AACR2
041 1# - KÓD JAZYKA
Kód jazyka textu/zvukovej stopy alebo samostatných nápisov slo
Kód jazyka originálu a/alebo sprostredkujúcich prekladov textu slo
080 ## - ČÍSLO MEDZINÁRODNÉHO DESATINNÉHO TRIEDENIA (MDT)
Číslo Medzinárodného desatinného triedenia (MDT) 908.437.6(031)
080 ## - ČÍSLO MEDZINÁRODNÉHO DESATINNÉHO TRIEDENIA (MDT)
Číslo Medzinárodného desatinného triedenia (MDT) 03(437.6)
044 ## - KÓD KRAJINY VYDAVATEĽA/PRODUCENTA
Kód krajiny MARC xo
Kód krajiny ISO SK
245 10 - NÁZOV
Názov Encyklopédia Slovenska VI. zväzok T-Ž
Zvyšok názvu Súhrn poznatkov o minulosti a prítomnosti Slovenska ; Milan Veselý, Oto Takáč
250 ## - ÚDAJ O PORADÍ VYDANIA
Údaj o poradí vydania 1., vyd.
260 ## - VYDAVATEĽSKÉ ÚDAJE, DISTRIBÚCIA ATĎ.
Miesto publikovania, distribúcie atď. Bratislava
Názov vydavateľa, distibútora atď. Veda
Dátum publikovania, distribúcie atď. 1982
Miesto výroby Bratislava
Výrobca Svornosť
300 ## - FYZICKÝ POPIS
Rozsah 853 s., 208,25 AH
Ďalšie fyzické detaily Fareb. a čiernob. fot. Tb. Mp.
Rozmery 27 cm
500 ## - VŠEOBECNÁ POZNÁMKA
Formátovaná poznámka o obsahu Zozn. skr. a obcí. Opr. Fareb. príl. a prebal vytl. Tlačiarne SNP, Martin.
700 1# - PRIDANÝ VSTUP – OSOBNÉ MENO
Osobné meno Veselý, Milan
Kód roly bkd
700 1# - PRIDANÝ VSTUP – OSOBNÉ MENO
Osobné meno Takáč, Oto
Kód roly bkd
958 ## - Formálny deskriptor
Formálny deskriptor A
Holdings
Stav stiahnutia (Blokovanie) (Withrawn status) Stav straty Stav poškodenia (Damaged status) Nie pre výpožičky (Not for loan) Spôsob nadobudnutia (Collection code) Trvalé umiestnenie Aktuálne umiestnenie Dátum nadobudnutia Náklady, bežná kúpna cena Inventárne číslo (prírastkové číslo) Full call number Dátum posledného výskytu Cena s účinnosťou od Typ jednotky Koha
        Kúpa Mestská knižnica Giraltovce Mestská knižnica Giraltovce 2019-11-29 150.00 17812 I 1469 2019-11-29 2019-11-29 Odborná literatúra pre dospelých

Powered by Koha